Reconstrucción de la memoria histórica y visual del American Bar de Valparaíso
Gorde:
| Egile Nagusiak: | , , |
|---|---|
| Formatua: | Liburua |
| Hizkuntza: | gaztelania |
| Argitaratua: |
Valparaíso
CNCA
2015
|
| Edizioa: | 1a. ed |
| Gaiak: | |
| Etiketak: |
Etiketa erantsi
Etiketarik gabe, Izan zaitez lehena erregistro honi etiketa jartzen!
|
MARC
| LEADER | 00000cam a2200000 a 4500 | ||
|---|---|---|---|
| 001 | UCD0416 | ||
| 003 | CL-VaPUC | ||
| 008 | 151127e20150000cl |||||||||||||||||spa|d | ||
| 082 | 0 | 4 | |a 983.255 |b GAN |2 21 |
| 100 | |a Gana Núñez, Alejandro |e author |9 588185 | ||
| 700 | 0 | |a Mancilla Pazo, Matías |e author |9 583390 | |
| 700 | 0 | |a Lagos, José Miguel |e author |9 583391 | |
| 245 | 1 | 0 | |a Reconstrucción de la memoria histórica y visual del American Bar de Valparaíso |
| 250 | |a 1a. ed | ||
| 300 | |a 89 p | ||
| 942 | |c BK | ||
| 945 | |d 20151127 13:45:00 |a dcastane | ||
| 260 | |a Valparaíso |b CNCA |c 2015 | ||
| 650 | 0 | |a Historia de Chile |9 265473 | |
| 650 | 0 | |a Historia de ciudades |9 445863 | |
| 650 | 0 | |a Historia de Valparaíso |9 460237 | |
| 650 | 0 | |a Vida nocturna |9 509120 | |
| 583 | |a last modification |c 20151127 13:45:00 |k Rodrigo Vera | ||
| 999 | |c 361955 |d 361953 | ||
| 952 | |0 0 |1 0 |3 erb |4 0 |6 983_255000000000000_GAN_2015 |7 0 |8 A |9 472729 |a BIBGIM |b BIBGIM |i 5249546 |o 983.255 GAN 2015 |p 5249546 |r 2025-01-15 |w 2019-11-24 |y BK |z Catalogado en:20151127 |k GIM | ||
| 952 | |0 0 |1 0 |3 erb |4 0 |6 983_255000000000000_GAN_2015 |7 0 |8 A |9 472730 |a BIBGIM |b BIBGIM |i 5249538 |l 1 |o 983.255 GAN 2015 |p 5249538 |r 2025-01-15 |s 2022-03-21 |w 2019-11-24 |y BK |z Catalogado en:20151127 |k GIM | ||